01460nam a22003737a 4500003000500000005001700005008004100022010001000063011001100073035001100084040000900095090001000104100004500114245011800159260003600277300004300313502007900356590003700435590004100472590004100513590004100554590004200595650003200637650003400669650003500703650003700738650002400775650003900799901000700838942001000845949006900855999001700924952014500941CHAP20250516062730.0101019s2008 mx a r 00010 spa d a99450 a100422 a111108 cCHAP aTesis1 aRodríguez Nava, Jonatan Saúl.99873710aFactibilidad de una inversión en la producción acuicola en Cocula, Gro.c/por Jonatan Saúl Rodríguez Nava aCocula, Gro. :bEl autor,c2008 axvi, 87 h. :bilus., cuadros, gráfs. aTesis (Ing. Agr. Zootecnista) -- CSAEGRO. Centro de Estudios Profesionales aALEPHb10c20130110lUCH01h1536 aBATCH-UPDb10c20130110lUCH01h1042 aBATCH-UPDb10c20130410lUCH01h0641 aBATCH-UPDb10c20130913lUCH01h1940 aCONVERSIONb10c20130109lUCH01h135514aAcuiculturaxGuerrero.977014aAcuiculturaxProduccion.977714aEstanques piscícolas.93827314aEstudios de factibilidad.93852014aInversiones.96017817aTilapia (nombre común)29113299 aBK cTESIS aTesisbBCcTESd33724002117520eTS1gDonaciØnh51144i111108sb c99450d99450 00102local4051708TESISaBCbBCcPA_TESISd2019-12-31eDonacionfTESISl0oTesisp33724002117520r2019-12-31 00:00:00w2019-12-31yTESIS